Statistics for Name that Asian Country

Click here to take the quiz!

General Stats

  • This quiz has been taken 40 times
  • The average score is 8 of 10

Answer Stats

HintAnswer% Correct
To be the most populated in the worldChina
100%
To have the most HindusIndia
100%
To have the biggest cityJapan
97%
To have the Taipei 101Taiwan
89%
To have the second highest mountainPakistan
86%
To border OceaniaIndonesia
84%
To have the city of AlmatyKazakhstan
78%
To have its capital known as Krung ThepThailand
70%
To not officially recognise ChinaBhutan
62%
To have the highest temperature recordedIran
51%

Score Distribution

Percentile by Number Answered

Percent of People with Each Score

Your Score History

You have not taken this quiz